Условия формирования и характер водных потоков рассеяния глубокозалегающих месторождений ископаемых: Заключительный отчет о НИР; Проблема 1.6; Тема : г/б 1.6.1

Λεπτομέρειες βιβλιογραφικής εγγραφής
Συγγραφή απο Οργανισμό/Αρχή: Томский политехнический институт (ТПИ) (595)
Άλλοι συγγραφείς: Копылова Ю. Г. Юлия Григорьевна (исполнитель), Шварцев С. Л. Степан Львович (руководитель)
Περίληψη:Передано в Государственный архив Томской области
Γλώσσα:Ρωσικά
Έκδοση: Томск, 1985
Μορφή: MixedMaterials Βιβλίο
KOHA link:https://koha.lib.tpu.ru/cgi-bin/koha/opac-detail.pl?biblionumber=155037

MARC

LEADER 00000nbm0a2200000 4500
001 155037
005 20231031152156.0
029 0 0 |a SU  |b 76039705  |f ТПУ 
035 |a (RuTPU)RU\TPU\book\168162 
090 |a 155037 
100 |a 20090310d1985 k y0rusy50 ca 
101 0 |a rus 
102 |a RU 
105 |a a p 001zy 
200 1 |a Условия формирования и характер водных потоков рассеяния глубокозалегающих месторождений ископаемых  |e Заключительный отчет о НИР  |e Проблема 1.6  |e Тема : г/б 1.6.1  |f Томский политехнический институт (ТПИ) ; руководитель С. Л. Шварцев ; Ю. Г. Копылова 
210 |a Томск  |d 1985 
215 |a 132 л. 
320 |a Библиогр.: с. 126 - 132. 
333 |a Передано в Государственный архив Томской области 
702 1 |a Копылова  |b Ю. Г.  |c гидрогеолог  |c доцент Томского политехнического университета, кандидат геолого-минералогических наук  |f 1941-  |g Юлия Григорьевна  |2 stltpush  |3 (RuTPU)RU\TPU\pers\26086  |4 677 
702 1 |a Шварцев  |b С. Л.  |c российский гидрогеолог, доктор геолого-минералогических наук  |c профессор Томского политехнического университета, академик РАЕН  |f 1936-  |g Степан Львович  |2 stltpush  |3 (RuTPU)RU\TPU\pers\25914  |4 673 
712 0 2 |a Томский политехнический институт (ТПИ)  |c (1944-1991)  |2 stltpush  |3 (RuTPU)RU\TPU\col\1123  |4 595 
801 1 |a RU  |b 63413507  |c 20090310  |g PSBO 
801 2 |a RU  |b 63413507  |c 20160504  |g PSBO 
942 |c BK